| 000 | 00987nam a2200217Ii 4500 | ||
|---|---|---|---|
| 003 | JO-AjNU | ||
| 008 | 230605s9999||||xx |||||||||||||| ||und|| | ||
| 020 | _a978-9957-76-338-1 | ||
| 040 |
_aJO-AjNU _bara _erda _cJO-AjNU |
||
| 041 | _aara | ||
| 050 | 1 | 4 | _aBP134.I739 2019 |
| 100 | 3 |
_a العيساوي، سيف طارق حسين، م. مشارك حيدر محمد هناء الشلاه, _eauthor _960982 |
|
| 245 | 0 | 0 | _aالارشاد التربوي والنفسي: رؤية قرآنية علمية مع برنامج للارشاد الاخلاقي |
| 250 | _aالطبعة الاولى | ||
| 264 | 3 | 1 | _aعمان: دار الرضوان للنشر والتوزيع، 2019 |
| 300 |
_a144ص _b ويحتوي على قائمة مراجع من ص141ص- 144ص |
||
| 336 |
_atext _btxt _2rdacontent |
||
| 337 |
_aunmediated _bn _2rdamedia |
||
| 338 |
_avolume _bnc _2rdacarrier |
||
| 650 | 4 |
_aالقرلن-الارشاد النفسي والتربوي-علم النفس الديني _960983 |
|
| 999 |
_aA27537 _c31105 _d31105 |
||